000 00554cam a22001577a 4500
008 180718b2007 xxu||||| |||| 00| 0 eng d
082 _aAPPPA 2007-08
100 _aSharma, Sunil
245 _aHuman resource perspective plan for Delhi Development Authority
_cby Sunil Sharma
260 _aNew Delhi
_bIndian Institute of Public Administration
_c2007
300 _a87+p.
500 _aAn APPPA M.Phil dissertation, 2006-07 (Guide: Prof. Bharti Sharma)
650 _aDelhi Development Authority
650 _aPerspective plan
650 _aHuman resource
999 _c493481
_d493481